000
00333nam a22001577a 4500
003
SGT
020
_a
9780199655328
082
_a
615.4
_b
P13H
100
_a
HALL,JASON,ed.
245
_a
PHARMACY PRACTICE
260
_a
UNITED LINGDOM
_b
OXFORD
_c
2013
300
_a
166
650
_a
PHARMACY
653
_a
PRACTICE
942
_2
ddc
_c
BK
999
_c
22923
_d
22923